LEADER 01314nam0 22002771i 450 001 UON00349359 005 20231205104334.760 100 $a20091207d1967 |0itac50 ba 101 $afre 102 $aFR 105 $a|||| 1|||| 200 1 $aCalligrammes$fG. Apollinaire$gconcordances, index et relevés statistiques établis d'après l'édition Adéma-Décaudin par le Centre d'études du Vocabulaire Français-Faculté des Lettres et Sciences Humaines de Besançon 210 $aParis$cLibrairie Larousse$dstampa 1967 215 $aVIII, 177 p.$d27 cm. 410 1$1001UON00349366$12001 $aDocuments pour l'étude de la langue littéraire$fpubliés par B. Quemada$1210 $aParis$cLibrairie Larousse.$v5 606 $aPOESIA FRANCESE$3UONC038366$2FI 620 $aFR$dParis$3UONL002984 676 $a841$cPoesia francese$v21 700 1$aApollinaire$bGuillaume$3UONV136963$0131201 712 $aLibrairie Larousse$3UONV248958$4650 801 $aIT$bSOL$c20260206$gRICA 899 $aSIBA - SISTEMA BIBLIOTECARIO DI ATENEO E ARCHIVIO STORICO$2UONSI 912 $aUON00349359 950 $aSIBA - SISTEMA BIBLIOTECARIO DI ATENEO E ARCHIVIO STORICO$dSI VI A APO $eSI SFR5286 5 996 $aCalligrammes$9183628 997 $aUNIOR LEADER 03641nam 22006135 450 001 9910300069203321 005 20251117071629.0 010 $a3-319-03020-5 024 7 $a10.1007/978-3-319-03020-3 035 $a(CKB)3710000000074266 035 $a(EBL)1592680 035 $a(OCoLC)902407948 035 $a(SSID)ssj0001067260 035 $a(PQKBManifestationID)11669859 035 $a(PQKBTitleCode)TC0001067260 035 $a(PQKBWorkID)11079184 035 $a(PQKB)11158582 035 $a(MiAaPQ)EBC1592680 035 $a(DE-He213)978-3-319-03020-3 035 $a(PPN)176107355 035 $a(iGPub)SPNA0027445 035 $a(EXLCZ)993710000000074266 100 $a20131114d2014 u| 0 101 0 $aeng 135 $aur|n|---||||| 181 $ctxt 182 $cc 183 $acr 200 10$aCharles-Edouard Brown-Séquard $eThe Biography of a Tormented Genius /$fby Louis-Cyril Celestin 205 $a1st ed. 2014. 210 1$aCham :$cSpringer International Publishing :$cImprint: Springer,$d2014. 215 $a1 online resource (279 p.) 300 $aDescription based upon print version of record. 311 08$a3-319-03019-1 320 $aIncludes bibliographical references and index. 327 $aPhysiology in the Nineteenth Century -- The Birthplace -- The Forebears -- The Formative Years: 1817-1837 -- The Medical Student: 1838-1846 -- The Lone Experimenter: 1846-1851 -- The Visitor to America: 1852-1853 -- The Cholera Physician: 1854 -- The Richmond Professor: 1854-1855 -- The Paris Practitioner: 1856-1857 -- The Itinerant Lecturer: 1856-1859 -- The London Consultant Neurologist: 1860-1864 -- The Harvard Professor: 1864-1867 -- The Paris Course Lecturer: 1869-1872 -- The New York Practitioner: 1872-1874 -- The Indigent Physician: 1874-1877 -- The College de France Professor: 1878-1894 -- The Father of Hormonal Therapy: 1889-1893 -- The Last Years: 1892-1894. 330 $aGenius and dilettantism often go hand in hand. Nowhere is this truer than in the life of Charles-Edouard Brown-Séquard, the bilingual physician and neurologist who succeeded Claude Bernard as the Chair of Experimental Medicine at the College de France in Paris after having practiced in Paris, London and in the USA, especially in Harvard. For most men, making one discovery of global importance would have sufficed to satisfy their curiosity and self-image. Not so Brown-Séquard. His explanation of the neurological disparity following the hemi-section of the spinal cord was a unique achievement that added his name to the syndrome and made him immortal. Yet, the demons of his mind tormented him in his endless search for medical truths and drove him to explore other phenomena, seeking to explain and remedy them. This unique biography shows for the first time the conflict between his professional and personal life, and should appeal to all students of medical history and psychology. 606 $aMedicine?History 606 $aNeurology 606 $aHistory of Medicine$3https://scigraph.springernature.com/ontologies/product-market-codes/H64000 606 $aNeurology$3https://scigraph.springernature.com/ontologies/product-market-codes/H36001 615 0$aMedicine?History. 615 0$aNeurology. 615 14$aHistory of Medicine. 615 24$aNeurology. 676 $a610 676 $a610.92 676 $a616.8 676 $a616009 700 $aCelestin$b Louis-Cyril$4aut$4http://id.loc.gov/vocabulary/relators/aut$0755379 906 $aBOOK 912 $a9910300069203321 996 $aCharles-Edouard Brown-Séquard$91522086 997 $aUNINA